00233nam a2200085Ia 4500008004100000100002300041245003900064260003600103300000800139201216s9999 xx 000 0 und d aOdiorne, George S. 0aManagement decisions by objectives aEnglewood CliffsbPrentice Hall a252